Central Library || Chittagong University

Vertebrate palaeontology (Record no. 56358)

MARC details
000 -LEADER
fixed length control field 00500nam a2200217 454500
001 - CONTROL NUMBER
control field 056358
003 - CONTROL NUMBER IDENTIFIER
control field BD-ChCU
008 - FIXED-LENGTH DATA ELEMENTS--GENERAL INFORMATION
fixed length control field Eng
020 ## - INTERNATIONAL STANDARD BOOK NUMBER
International Standard Book Number 0 412 73800 7
040 ## - CATALOGING SOURCE
Original cataloging agency DLC
Transcribing agency DLC
Modifying agency BD-ChCU
082 00 - DEWEY DECIMAL CLASSIFICATION NUMBER
Classification number 566/B47v
100 1# - MAIN ENTRY--PERSONAL NAME
Personal name Benton , Michael J.
Numeration x
245 10 - TITLE STATEMENT
Title Vertebrate palaeontology
Remainder of title x
250 ## - EDITION STATEMENT
Edition statement 2nd ed
260 ## - PUBLICATION, DISTRIBUTION, ETC.
Place of publication, distribution, etc. London
Name of publisher, distributor, etc. Chapmant Hall
Date of publication, distribution, etc. 1990
300 ## - PHYSICAL DESCRIPTION
Extent xii,452
504 ## - BIBLIOGRAPHY, ETC. NOTE
Bibliography, etc. note Includes
650 #0 - SUBJECT ADDED ENTRY--TOPICAL TERM
Topical term or geographic name entry element Fossil Chordata
Topical term following geographic name entry element Palaeontology
700 1# - ADDED ENTRY--PERSONAL NAME
Personal name x
942 ## - ADDED ENTRY ELEMENTS (KOHA)
Source of classification or shelving scheme Dewey Decimal Classification
Koha item type Books
Holdings
Withdrawn status Lost status Source of classification or shelving scheme Damaged status Use restrictions Not for loan Home library Current library Shelving location Date acquired Source of acquisition Total Checkouts Full call number Barcode Date last seen Copy number Price effective from Koha item type Public note
    Dewey Decimal Classification       Chittagong University Library Chittagong University Library General Stacks 06/14/2015 purchase   566/B47v 234984 09/13/2015 1 09/13/2015 Books x
© Copyright 2026. Chittagong University Library, Installation and Maintenance by Prof. Dr. Md. Alamgir, 01711306253